Dark Souls 3 Bosses - Statistics

General Stats
  • This quiz has been taken 1,392 times
    1,252 since last reset
  • The average score is 12 of 31
Answer Stats
Hint Answer % Correct
Front cover Soul of Cinder
78%
Just after a giant worm Old Demon King
73%
Artorias Abyss Watchers
69%
Army of priests Deacons of the Deep
62%
black knight glaive Champion Gundyr
61%
coiled sword Iudex Gundyr
59%
Big hat Crystal Sage
53%
Spinning attack Dancer of the Boreal Valley
53%
The vile watchdog Vordt of the Boreal Valley
52%
demon souls storm beast reference Yhorm the Giant
49%
Anor Londo Aldrich Devourer of Gods
47%
The uncle Slave Knight Gael
45%
Pilgrim Butterflies Dragonslayer Armour
43%
Dragon Ancient Wyvern
42%
Sable church member Sister Friede
40%
Hollowslayer Greatsword Curse-Rotted Greatwood
39%
Shira's mate Darkeater Midir
37%
From the painting Pontiff Sulyvahn
37%
Moonlight Greatsword Oceiros the Consumed King
32%
Below Demon from Below
31%
Pain Demon in Pain
30%
Bling High Lord Wolnir
29%
Loves to whip himself [ kinky ;) ] Father Ariandel
24%
PVP Halflight Spear of the Church
19%
Praise the Sun! The Nameless King
19%
guy with roman sword Champions Gravetender
18%
Sif rip off Gravetender Greatwolf
10%
Disabled Elder Prince Lorian
7%
Robes of Prayer Younger Prince Lothric
7%
Lorians sword The Demon Prince
4%
Ledo the silver knight Judicator Argo
2%
No matching quizzes found
Score Distribution
Percent of People with Each Score
Percentile by Number Answered
Your Score History
You have not taken this quiz since the last reset